Vista normal
Vista MARC
Entrada Nombre personal
Número de registros utilizados en: 1
001 - NÚMERO DE CONTROL
- Campo de control: 47560
003 - IDENTIFICADOR DE NÚMERO DE CONTROL
- Campo de control: OSt
005 - FECHA Y HORA DE LA ULTIMA MODIFICACION
- Campo de control: 20230705224233.0
008 - ELEMENTOS DE DATOS DE LONGITUD FIJA
- Campo de longitud fija: 230705|| aca||aabn | a|a d
040 ## - FUENTE DE LA CATALOGACIÓN
- Agencia original de catalogación: OSt
100 1# - ENCABEZAMIENTO--NOMBRE DE PERSONA
- Nombre personal: Rendon Monterrosa, Osmani Vinael
670 ## - FUENTE DE DATOS ENCONTRADOS
- Fuente de citación: Pasantía, realizada en área de comunicaciones, Colegio Liceo Evangélico La Atarraya, Ahuachapán.
670 ## - FUENTE DE DATOS ENCONTRADOS
- Fuente de citación: BMC.- 05-07-2023